| 000 | 00336nam a2200133Ia 4500 | ||
|---|---|---|---|
| 008 | 191201s2011 xx 000 0 und d | ||
| 082 |
_a004 _bBAC |
||
| 100 | _aBASU, PN | ||
| 245 | 0 | _aComputer Fundamentals and C Programming | |
| 250 | _a1st | ||
| 260 |
_c2011 _bVikas Publication House _aNEW DELHI |
||
| 300 | _a362 | ||
| 942 |
_2ddc _cBK _08 |
||
| 999 |
_c7823 _d7823 |
||